banner koha

Inhibitory activity of yeasts against soybean pathogenic fungi (Registro n. 9240)

MARC details
000 -LÍDER
fixed length control field 03411nab a2200301 i 4500
003 - CÓDIGO MARC DA AGÊNCIA CATALOGADORA
Campo de controle BR-BrBNA
005 - DATA E HORA DA ÚLTIMA ATUALIZAÇÃO
Campo de controle 20230821130945.0
008 - CAMPO DE TAMANHO FIXO
fixed length control field 230529b2020 bl.ar|pooa||| 00| 0 eng |
040 ## - FONTE DA CATALOGAÇÃO
Agência catalogadora BR-BrBNA
Idioma da catalogação eng
072 ## - CATEGORIA AGRIS
Código AGRIS H20
100 ## - ENTRADA PRINCIPAL - NOME PESSOAL
Nome pessoal Menolli Junior, Nelson
100 ## - ENTRADA PRINCIPAL - NOME PESSOAL
Nome pessoal Marques, Viviani Vieira
100 ## - ENTRADA PRINCIPAL - NOME PESSOAL
Nome pessoal Paccola-Meirelles, Luzia Doretto
100 ## - ENTRADA PRINCIPAL - NOME PESSOAL
Nome pessoal Andrade-Nóbrega, Gisele Maria de
245 ## - TÍTULO PRINCIPAL
Título principal Inhibitory activity of yeasts against soybean pathogenic fungi
500 ## - NOTA GERAL
Nota geral Publicação on-line; 41 ref.; 1 table; 3 illus.; Summaries (En, Pt)
942 ## - ADDED ENTRY ELEMENTS (KOHA)
Koha item type
520 ## - NOTA DE RESUMO
Nota de conteúdo The objective of this study was to evaluate the inhibitory activity of yeasts (Saccharomyces cerevisiae and<br/>Pichia fermentans) against soybean pathogenic fungi. The inhibitory activity of Pichia fermentans was previously<br/>confirmed against Candida spp. and a sensitive strain of S. cerevisiae to confirm its killer activity.Simple competition<br/>plate bioassays were performed using five soybean pathogenic fungi (Alternaria sp., Cercospora kikuchi,<br/>Colletotrichum dematium var. truncata, Fusarium oxysporum, and Macrophomina sp.) with a killer isolate of P.<br/>fermentans and a non-killer strain of S. cerevisiae. The yeasts tested inhibited 52 to 65% the growth of at least<br/>Alternaria sp., Cercospora kikuchi and Colletotrichum dematium var. truncata. This is the first record of the<br/>inhibition of Cercospora kikuchi and Colletotrichum dematium var. truncata using yeast strains.<br/><br/>Key words: Biocontrol, Glycine max, killer yeasts, Pichia fermentans, Saccharomyces cerevisiae.<br/><br/>
520 ## - NOTA DE RESUMO
Nota de conteúdo Atividade inibitória de leveduras contra fungos patogênicos da soja. <br/>O objetivo deste estudo foi avaliar a atividade inibitória de leveduras (Saccharomyces cerevisiae e Pichia fermentans) <br/>contra fungos patogênicos da soja. A atividade inibitória de Pichia fermentans foi primeiramente confirmada contra<br/>linhagens de Candida spp. e uma linhagem sensível de S. cerevisiae para confirmar sua atividade killer. Um<br/>bioensaio de competição simples em placa foi conduzido usando cinco fungos patogênicos da soja (Alternaria sp.,<br/>Cercospora kikuchi and Colletotrichum dematium var. truncata, Fusarium oxysporum e Macrophomina sp.) com<br/>um isolado killer de P. fermentans e um isolado não-killer de S. cerevisiae. As leveduras testadas inibiram de 52 a<br/>65% o crescimento de pelo menos Alternaria sp., Cercospora kikuchi e Colletotrichum dematium var. truncata.<br/>Esse é o primeiro registro da inibição de Cercospora kikuchi e Colletotrichum dematium var. truncata usando<br/>linhagens de leveduras.<br/><br/>Palavras-chave: Biocontrole, Glycine max, leveduras killer, Pichia fermentans, Saccharomyces cerevisiae.
650 ## - ASSUNTO - THESAGRO
Cabeçalho tópico ou nome geográfico GLYCINE MAX
650 ## - ASSUNTO - THESAGRO
Cabeçalho tópico ou nome geográfico FUNGO PARA CONTROLE BIOLÓGICO
650 ## - ASSUNTO - THESAGRO
Cabeçalho tópico ou nome geográfico FERMENTO
650 ## - ASSUNTO - THESAGRO
Cabeçalho tópico ou nome geográfico SACCHAROMYCES CEREVISIAE
773 0# - ENTRADA ANALÍTICA
Host Biblionumber 1823
Registro do item 6918
Imprenta Itabuna-BA Comissão Executiva do Plano de Lavoura Cacaueira 1989
Outro identificador 2023-124816
Título Agrotrópica (Brazil)
ISSN 0103-3816
Colação v. 32(1) p. 75-80; (Jan-Apr 2020)
Número de controle de registro BR2023000586
856 ## - ACESSO E ENDEREÇO ELETRÔNICO
Identificador uniforme de recurso - URI https://www.gov.br/agricultura/pt-br/assuntos/ceplac/publicacoes/revista-agrotropica/artigos/2020-DOI-10.21757/0103-3816-2020v32n1p75-80.pdf
856 ## - ACESSO E ENDEREÇO ELETRÔNICO
Identificador uniforme de recurso - URI https://www.gov.br/agricultura/pt-br/assuntos/ceplac/publicacoes/revista-agrotropica/revista-volumes/2000-a-2010/revista-agrotropica-vol-32-no-1-2020.pdf

Nenhum exemplar disponível.

BINAGRI

Telefone: (61)3218-2567/2388/3357/2097 - binagri@agro.gov.br

Ministério da Agricultura e Pecuária , Esplanada dos Ministérios, Bloco D, Anexo B, Brasília/DF, CEP: 70.043-900